| 000 | 00333nam a22001457a 4500 | ||
|---|---|---|---|
| 003 | SGT | ||
| 020 | _a818627002-0 | ||
| 082 |
_a615.19068 _bAHU |
||
| 100 | _aAHUJA, DR. ALKA | ||
| 245 | _aPHARMACEUTICAL MANAGEMENT | ||
| 260 |
_aINDIA _bBIRLA PUB. _c2024 |
||
| 300 | _a236 | ||
| 650 | _aPHARMACEUTICAL MANAGEMENT | ||
| 942 |
_2ddc _cBK |
||
| 999 |
_c32940 _d32940 |
||